[Event "EU-Cup (Women) 23rd"]
[Site "Porto Carras"]
[Date "2018.10.14"]
[Round "3.3"]
[White "Gaponenko, Inna"]
[Black "Vasina, Olena"]
[Result "1-0"]
[WhiteElo "2409"]
[BlackElo "2054"]
[PlyCount "87"]
[EventDate "2018.10.12"]
[EventType "team-swiss"]
[EventRounds "7"]
[EventCountry "GRE"]
[SourceTitle "CBM 186 Extra"]
[Source "ChessBase"]
[SourceDate "2018.08.24"]
[SourceVersion "1"]
[SourceVersionDate "2018.08.24"]
[SourceQuality "1"]
[WhiteTeam "Kiev Chess Fed (W)"]
[BlackTeam "Beer Sheva (W)"]
[WhiteTeamCountry "UKR"]
[BlackTeamCountry "ISR"]

1. e4 c5 2. Nf3 e6 3. c3 a6 4. d4 cxd4 5. cxd4 d6 6. Nc3 Be7 7. Bd3 Nf6 8. 0-0 b5 9. a3 Bb7 10. Re1 Nbd7 11. Qe2 e5 12. Bd2 0-0 13. Rad1 Re8 14. Bc1 Qc7 15. Bb1 Nb6 16. h3 Rac8 17. Nh4 Bf8 18. dxe5 dxe5 19. Qf3 Nc4 20. Nd5 Nxd5 21. exd5 g6 22. g4 Bg7 23. Ng2 Qd6 24. Ne3 Nxe3 25. Bxe3 Red8 26. Be4 b4 27. Bg5 Rf8 28. axb4 h6 29. Bc1 Rcd8 30. Qb3 Kh8 31. Be3 Qf6 32. Bc5 Rg8 33. d6 Bxe4 34. Rxe4 Rd7 35. Re3 h5 36. Qa4 Qe6 37. Qb3 Qf6 38. Rf3 Qg5 39. Rxf7 Rxf7 40. Qxf7 hxg4 41. h4 Qxh4 42. d7 g3 43. Qxg8+ Kxg8 44. d8Q+ 1-0

[Event "Lvov Tradition IM-B 04"]
[Site "Lvov"]
[Date "2016.04.29"]
[Round "7"]
[White "Rozycki, Bartlomiej"]
[Black "Vasina, Olena"]
[Result "1-0"]
[WhiteElo "2135"]
[BlackElo "2080"]
[PlyCount "25"]
[EventDate "2016.04.25"]
[EventType "tourn"]
[EventRounds "9"]
[EventCountry "UKR"]
[EventCategory "1"]
[SourceTitle "CBM 172 Extra"]
[Source "ChessBase"]
[SourceDate "2016.06.21"]
[SourceVersion "1"]
[SourceVersionDate "2016.06.21"]
[SourceQuality "1"]

1. e4 c5 2. Nf3 e6 3. c3 Nf6 4. e5 Nd5 5. d4 cxd4 6. cxd4 b6 7. Nc3 Nxc3 8. bxc3 Qc7 9. Qc2 Bb7 10. Bd3 d5 11. 0-0 Ba6 12. Bxa6 Nxa6 13. Qa4+ 1-0

[Event "Lvov Tradition IM-B 04"]
[Site "Lvov"]
[Date "2016.04.29"]
[Round "8"]
[White "Vasina, Olena"]
[Black "Bogdanov, Egor"]
[Result "1/2-1/2"]
[WhiteElo "2080"]
[BlackElo "2302"]
[PlyCount "104"]
[EventDate "2016.04.25"]
[EventType "tourn"]
[EventRounds "9"]
[EventCountry "UKR"]
[EventCategory "1"]
[SourceTitle "CBM 172 Extra"]
[Source "ChessBase"]
[SourceDate "2016.06.21"]
[SourceVersion "1"]
[SourceVersionDate "2016.06.21"]
[SourceQuality "1"]

1. c4 e5 2. Nc3 Nf6 3. e4 Nc6 4. d3 h6 5. g3 Bc5 6. Bg2 d6 7. h3 0-0 8. Nge2 Ne8 9. Be3 Bxe3 10. fxe3 a6 11. Qd2 Bd7 12. 0-0 Qg5 13. Nd5 Be6 14. Rac1 Bxd5 15. cxd5 Ne7 16. Kh2 f5 17. h4 Qg6 18. exf5 Nxf5 19. e4 Ne7 20. Rxf8+ Kxf8 21. Bh3 Kg8 22. Qe3 Kh8 23. Qf3 Qf6 24. Qxf6 gxf6 25. Bd7 f5 26. Bxe8 Rxe8 27. Rxc7 fxe4 28. dxe4 Ng8 29. Rf7 Rc8 30. Nc3 b5 31. a3 Rc4 32. g4 b4 33. axb4 Rxb4 34. Rf2 Kg7 35. g5 hxg5 36. hxg5 Ne7 37. Kg3 a5 38. Kg4 a4 39. Rh2 Rc4 40. Rh3 Ng6 41. Kf5 Nf4 42. Rh6 a3 43. bxa3 Rxc3 44. Rxd6 Rxa3 45. Kxe5 Ng6+ 46. Kd4 Ra4+ 47. Ke3 Ra3+ 48. Kd4 Ra4+ 49. Ke3 Ra3+ 50. Kf2 Nf4 51. Rb6 Nh3+ 52. Ke2 Nxg5 1/2-1/2

[Event "Lvov Tradition IM-B 04"]
[Site "Lvov"]
[Date "2016.04.27"]
[Round "4"]
[White "Vasina, Olena"]
[Black "Wisniewski, Michal"]
[Result "1/2-1/2"]
[WhiteElo "2080"]
[BlackElo "2236"]
[PlyCount "107"]
[EventDate "2016.04.25"]
[EventType "tourn"]
[EventRounds "9"]
[EventCountry "UKR"]
[EventCategory "1"]
[SourceTitle "CBM 172 Extra"]
[Source "ChessBase"]
[SourceDate "2016.06.21"]
[SourceVersion "1"]
[SourceVersionDate "2016.06.21"]
[SourceQuality "1"]

1. Nf3 Nf6 2. c4 g6 3. Nc3 d5 4. cxd5 Nxd5 5. Qc2 Nb6 6. e4 Bg7 7. d4 0-0 8. Be3 Re8 9. Be2 Bg4 10. Ne5 Bxe2 11. Qxe2 N8d7 12. Rd1 Qc8 13. f4 Nxe5 14. fxe5 Qe6 15. 0-0 c5 16. d5 Qxe5 17. Bf4 Qh5 18. g4 Qh4 19. Bg3 Qh3 20. Qf3 Rf8 21. Ne2 h5 22. gxh5 Qxh5 23. Qxh5 gxh5 24. b3 Nd7 25. Rf5 Rac8 26. Bh4 e6 27. Rxh5 exd5 28. Rdxd5 Nf6 29. Bxf6 Bxf6 30. Rdf5 Rc6 31. Nf4 Bd4+ 32. Kf1 f6 33. Rd5 Rf7 34. Rd8+ Rf8 35. Rd7 Rf7 36. Rxf7 Kxf7 37. Rh7+ Kg8 38. Rxb7 Ra6 39. a4 Be5 40. Nd3 c4 41. Nxe5 fxe5 42. bxc4 Rxa4 43. c5 Rc4 44. Rxa7 Rxc5 45. Kf2 Rc2+ 46. Kg3 Re2 47. Kf3 Rxh2 48. Kg4 Rf2 49. Kg5 Rf4 50. Kg6 Kf8 51. Ra4 Ke7 52. Kg5 Kd6 53. Rc4 Kd7 54. Kg6 1/2-1/2

[Event "Lvov IM 09"]
[Site "Lvov"]
[Date "2015.10.04"]
[Round "11"]
[White "Vasina, Olena"]
[Black "Bondarets, Vadim"]
[Result "0-1"]
[WhiteElo "2072"]
[BlackElo "2289"]
[PlyCount "110"]
[EventDate "2015.09.28"]
[EventType "tourn"]
[EventRounds "11"]
[EventCountry "UKR"]
[EventCategory "1"]
[SourceTitle "CBM 168 Extra"]
[Source "ChessBase"]
[SourceDate "2015.10.29"]
[SourceVersion "1"]
[SourceVersionDate "2015.10.29"]
[SourceQuality "1"]

1. e4 d6 2. d4 Nf6 3. Nc3 g6 4. Bg5 Bg7 5. Qd2 h6 6. Bh4 g5 7. Bg3 Nh5 8. Be2 Nxg3 9. hxg3 Nd7 10. 0-0-0 c5 11. dxc5 Nxc5 12. Bb5+ Bd7 13. Bxd7+ Qxd7 14. f4 Qc6 15. Nf3 Nxe4 16. Nxe4 Qxe4 17. Rhe1 Qc6 18. Qxd6 Qxd6 19. Rxd6 Rd8 20. Rxd8+ Kxd8 21. c3 Bf6 22. Re2 e6 23. Kd2 Ke7 24. Ke3 Rc8 25. Rd2 a6 26. Nd4 Rg8 27. Kf3 h5 28. Ne2 h4 29. gxh4 gxf4 30. Nxf4 Bxh4 31. g4 Bf6 32. Rg2 b5 33. Ke4 Rg5 34. Kd3 Be5 35. Nh3 Rg8 36. g5 Kd6 37. Nf2 f5 38. b3 Rh8 39. a4 bxa4 40. bxa4 Bg7 41. a5 e5 42. Nd1 e4+ 43. Kc4 Rc8+ 44. Kb4 f4 45. Rd2+ Ke5 46. c4 e3 47. Rd5+ Ke4 48. Rd7 e2 49. Nf2+ Ke3 50. Nd3 Rb8+ 51. Kc5 Bd4+ 52. Rxd4 Rc8+ 53. Kd5 Rd8+ 54. Kc5 Rxd4 55. Ne1 Rd1 0-1

[Event "Lvov IM 09"]
[Site "Lvov"]
[Date "2015.10.03"]
[Round "9"]
[White "Vasina, Olena"]
[Black "Tarleva, Vira"]
[Result "1/2-1/2"]
[WhiteElo "2072"]
[BlackElo "2107"]
[PlyCount "104"]
[EventDate "2015.09.28"]
[EventType "tourn"]
[EventRounds "11"]
[EventCountry "UKR"]
[EventCategory "1"]
[SourceTitle "CBM 168 Extra"]
[Source "ChessBase"]
[SourceDate "2015.10.29"]
[SourceVersion "1"]
[SourceVersionDate "2015.10.29"]
[SourceQuality "1"]

1. Nf3 Nf6 2. g3 d5 3. c3 c5 4. Bg2 e6 5. 0-0 Bd6 6. d4 Nc6 7. a3 c4 8. Nbd2 0-0 9. Re1 b5 10. e4 Nxe4 11. Nxe4 dxe4 12. Rxe4 Bb7 13. Re1 Ne7 14. Bg5 a5 15. Qe2 Qc7 16. Bxe7 Qxe7 17. Rad1 Qc7 18. Ng5 Bd5 19. Be4 h6 20. Nf3 b4 21. axb4 axb4 22. Ne5 bxc3 23. bxc3 Bxe4 24. Qxe4 Ra3 25. Re3 Rb8 26. Rf3 Bxe5 27. dxe5 Rb5 28. Re3 Raa5 29. f4 Ra2 30. Re2 Rbb2 31. Rde1 Qb6+ 32. Kg2 Qb3 33. Kh3 Qxc3 34. Rd1 g6 35. Re3 Rxh2+ 36. Kg4 Qb4 37. Rd7 h5+ 38. Kg5 Rhd2 39. Rc7 Qb6 40. Qc6 Qxc6 41. Rxc6 Rd3 42. Rxd3 cxd3 43. Rd6 Kg7 44. Rxd3 Rh2 45. Rd1 h4 46. Kg4 h3 47. Ra1 Kh6 48. Rb1 Kg7 49. Ra1 Kf8 50. Ra8+ Ke7 51. Rh8 Kd7 52. Rxh3 Rg2 1/2-1/2

[Event "Lvov IM 09"]
[Site "Lvov"]
[Date "2015.10.02"]
[Round "8"]
[White "Naboka, Sergey"]
[Black "Vasina, Olena"]
[Result "1/2-1/2"]
[WhiteElo "2237"]
[BlackElo "2072"]
[PlyCount "77"]
[EventDate "2015.09.28"]
[EventType "tourn"]
[EventRounds "11"]
[EventCountry "UKR"]
[EventCategory "1"]
[SourceTitle "CBM 168 Extra"]
[Source "ChessBase"]
[SourceDate "2015.10.29"]
[SourceVersion "1"]
[SourceVersionDate "2015.10.29"]
[SourceQuality "1"]

1. d4 Nf6 2. Nc3 d5 3. Bg5 c6 4. Qd3 h6 5. Bh4 b5 6. a3 e6 7. e4 Be7 8. e5 Nfd7 9. Bxe7 Qxe7 10. f4 a6 11. Nf3 c5 12. Nd1 cxd4 13. Nxd4 Nc5 14. Qe3 Bd7 15. Bd3 Nc6 16. 0-0 Nxd4 17. Qxd4 Rc8 18. b4 Nxd3 19. cxd3 f5 20. Ne3 0-0 21. Rac1 g5 22. g3 gxf4 23. Qxf4 Qg5 24. Ng2 Kh7 25. Nh4 Rg8 26. Kf2 Qh5 27. Ng2 Rg4 28. Qf3 Rxc1 29. Rxc1 Qxh2 30. Rc7 Rg7 31. Qf4 Qh1 32. Qh4 Qa1 33. d4 Qxa3 34. Nf4 Qb2+ 35. Ke3 Qb3+ 36. Kf2 Qb2+ 37. Ke3 Qb3+ 38. Kf2 Qb2+ 39. Ke3 1/2-1/2

[Event "Lvov IM 09"]
[Site "Lvov"]
[Date "2015.09.28"]
[Round "1"]
[White "Anwesh, Upadhyaya"]
[Black "Vasina, Olena"]
[Result "1-0"]
[WhiteElo "2412"]
[BlackElo "2072"]
[PlyCount "79"]
[EventDate "2015.09.28"]
[EventType "tourn"]
[EventRounds "11"]
[EventCountry "UKR"]
[EventCategory "1"]
[SourceTitle "CBM 168 Extra"]
[Source "ChessBase"]
[SourceDate "2015.10.29"]
[SourceVersion "1"]
[SourceVersionDate "2015.10.29"]
[SourceQuality "1"]

1. Nf3 Nf6 2. d4 e6 3. g3 d5 4. Bg2 Be7 5. 0-0 0-0 6. c4 c6 7. Nbd2 b6 8. Qc2 Ba6 9. b3 c5 10. e4 Nc6 11. exd5 exd5 12. Rd1 cxd4 13. Bb2 Nb4 14. Qb1 d3 15. Ne1 Rc8 16. a3 Nc2 17. Nxc2 dxc2 18. Qxc2 Qc7 19. Rac1 dxc4 20. Nxc4 Bb7 21. Be5 Qxe5 22. Nxe5 Rxc2 23. Rxc2 Bxg2 24. Kxg2 Bxa3 25. Ra2 Bc5 26. Rxa7 Re8 27. Nd7 Nxd7 28. Rdxd7 Rf8 29. Ra4 Re8 30. Raa7 Rf8 31. f4 g6 32. Kf3 Kg7 33. g4 Kf6 34. g5+ Ke6 35. Rd2 h5 36. Ra1 f6 37. Re1+ Kf7 38. Rd7+ Kg8 39. Re6 fxg5 40. Rxg6+ 1-0

[Event "Chervonograd 10th"]
[Site "Chervonograd"]
[Date "2014.12.03"]
[Round "11"]
[White "Rakhmangulov, Andrei"]
[Black "Vasina, Olena"]
[Result "0-1"]
[WhiteElo "2350"]
[BlackElo "2040"]
[PlyCount "126"]
[EventDate "2014.11.27"]
[EventType "tourn"]
[EventRounds "11"]
[EventCountry "UKR"]
[EventCategory "1"]
[SourceTitle "CBM 163 Extra"]
[Source "ChessBase"]
[SourceDate "2014.12.23"]
[SourceVersion "1"]
[SourceVersionDate "2014.12.23"]
[SourceQuality "1"]

1. d4 Nf6 2. Nf3 e6 3. Bg5 c5 4. e3 b6 5. Bd3 Bb7 6. 0-0 Be7 7. Nbd2 0-0 8. c3 Nd5 9. Bxe7 Qxe7 10. Qc2 f5 11. dxc5 bxc5 12. e4 Nf4 13. exf5 Nxd3 14. Qxd3 Rxf5 15. Rfe1 Nc6 16. Qxf5 exf5 17. Rxe7 Nxe7 18. Re1 Ng6 19. h4 Rb8 20. h5 Nf4 21. Nh4 g6 22. hxg6 hxg6 23. Re7 Bd5 24. Rxd7 Rxb2 25. Nxg6 Ne2+ 26. Kf1 Nxc3 27. Ne7+ Kf8 28. Ke1 Rxa2 29. Nxd5 Ra1+ 30. Nb1 Rxb1+ 31. Kd2 Ne4+ 32. Kc2 Rg1 33. Nf4 Nxf2 34. Rxa7 Ne4 35. Kd3 Rd1+ 36. Kc4 Rd4+ 37. Kb3 Nd2+ 38. Kc3 Nb1+ 39. Kb2 Rxf4 40. Kxb1 Rg4 41. Ra5 Rc4 42. Kb2 Ke7 43. Kb3 Rb4+ 44. Kc3 Kd6 45. Ra8 Rg4 46. Ra2 Kd5 47. Rd2+ Ke5 48. Re2+ Re4 49. Rf2 Rd4 50. Re2+ Kf4 51. Re8 Kg3 52. Re5 Rf4 53. Rxc5 Kxg2 54. Kd3 Rf1 55. Rc2+ Kf3 56. Rc5 f4 57. Kd2 Kf2 58. Rf5 f3 59. Rf7 Rg1 60. Kd3 Kg2 61. Ke3 Re1+ 62. Kd2 f2 63. Rg7+ Kh3 0-1

[Event "Chervonograd 10th"]
[Site "Chervonograd"]
[Date "2014.12.02"]
[Round "9"]
[White "Vasina, Olena"]
[Black "Shtembuliak, Evgeny"]
[Result "0-1"]
[WhiteElo "2040"]
[BlackElo "2348"]
[PlyCount "76"]
[EventDate "2014.11.27"]
[EventType "tourn"]
[EventRounds "11"]
[EventCountry "UKR"]
[EventCategory "1"]
[SourceTitle "CBM 163 Extra"]
[Source "ChessBase"]
[SourceDate "2014.12.23"]
[SourceVersion "1"]
[SourceVersionDate "2014.12.23"]
[SourceQuality "1"]

1. c4 Nf6 2. Nc3 d6 3. g3 e5 4. Bg2 Be7 5. d3 0-0 6. e3 c6 7. d4 Bf5 8. Nge2 a5 9. h3 Na6 10. a3 Qc8 11. g4 Be6 12. b3 Rb8 13. a4 Nb4 14. 0-0 exd4 15. exd4 d5 16. Bf4 dxc4 17. Bxb8 Qxb8 18. g5 Nd7 19. d5 cxd5 20. Nd4 cxb3 21. Nxb3 Bxg5 22. Nd4 Nb6 23. Re1 Bd7 24. Ncb5 h6 25. Qb3 Qf4 26. Rad1 Rc8 27. Re2 Bf6 28. Red2 g6 29. Ne2 Qh4 30. Rc1 Rxc1+ 31. Nxc1 Qc4 32. Qxc4 Nxc4 33. Rd1 Nb2 34. Re1 Nxa4 35. Nd6 b6 36. Nb3 Kf8 37. Bf1 Nc3 38. Nc1 Nc2 0-1

[Event "Chervonograd 10th"]
[Site "Chervonograd"]
[Date "2014.11.29"]
[Round "4"]
[White "Sevostianov, Pavel"]
[Black "Vasina, Olena"]
[Result "1-0"]
[WhiteElo "2302"]
[BlackElo "2040"]
[PlyCount "69"]
[EventDate "2014.11.27"]
[EventType "tourn"]
[EventRounds "11"]
[EventCountry "UKR"]
[EventCategory "1"]
[SourceTitle "CBM 163 Extra"]
[Source "ChessBase"]
[SourceDate "2014.12.23"]
[SourceVersion "1"]
[SourceVersionDate "2014.12.23"]
[SourceQuality "1"]

1. c4 e5 2. g3 Nf6 3. Bg2 d5 4. cxd5 Nxd5 5. Nf3 Nc6 6. 0-0 Be7 7. d4 e4 8. Ne5 Bf5 9. Nxc6 bxc6 10. Nc3 Nxc3 11. bxc3 0-0 12. Qc2 Qd5 13. Be3 Bg6 14. Rab1 f5 15. Rb7 c5 16. Rxc7 cxd4 17. Bxd4 Qd6 18. Rxa7 Rxa7 19. Bxa7 Qa6 20. Bd4 Ra8 21. Ra1 Qc4 22. e3 Bf7 23. a4 g5 24. g4 Re8 25. gxf5 Bd6 26. Bxe4 Qc7 27. f3 Bc4 28. Qg2 h6 29. h4 Bg3 30. hxg5 hxg5 31. a5 Ba6 32. Rb1 Rb8 33. Rb6 Rxb6 34. axb6 Qb8 35. Qa2+ 1-0

[Event "UKR-ch (Women)"]
[Site "Poltava"]
[Date "2010.11.21"]
[Round "9"]
[White "Vasina, Olena"]
[Black "Rakhmangulova, Anastasiya"]
[Result "0-1"]
[WhiteElo "2011"]
[BlackElo "2148"]
[PlyCount "48"]
[EventDate "2010.11.13"]
[EventType "swiss"]
[EventRounds "9"]
[EventCountry "UKR"]
[SourceTitle "CBM 139 Extra"]
[Source "ChessBase"]
[SourceDate "2011.01.05"]
[SourceVersion "1"]
[SourceVersionDate "2011.01.05"]
[SourceQuality "1"]

1. e4 d5 2. exd5 Qxd5 3. Nc3 Qd6 4. d4 Nf6 5. Nf3 Bg4 6. g3 Nc6 7. Bg2 0-0-0 8. Be3 Qb4 9. 0-0 e5 10. a3 Qe7 11. Ne2 e4 12. Nh4 g5 13. Bxg5 Nxd4 14. Qxd4 Rxd4 15. Nxd4 Qe5 16. Be3 Nd5 17. c4 Nxe3 18. fxe3 Bh6 19. Ndf5 Bg5 20. b4 Rd8 21. Ra2 Rd3 22. Raf2 Rxe3 23. Nxe3 Bxe3 24. h3 Qxg3 0-1

[Event "UKR-ch (Women)"]
[Site "Poltava"]
[Date "2010.11.20"]
[Round "8"]
[White "Zingaylo, Anastasiya"]
[Black "Vasina, Olena"]
[Result "0-1"]
[WhiteElo "2104"]
[BlackElo "2011"]
[PlyCount "76"]
[EventDate "2010.11.13"]
[EventType "swiss"]
[EventRounds "9"]
[EventCountry "UKR"]
[SourceTitle "CBM 139 Extra"]
[Source "ChessBase"]
[SourceDate "2011.01.05"]
[SourceVersion "1"]
[SourceVersionDate "2011.01.05"]
[SourceQuality "1"]

1. e4 c5 2. c3 Nf6 3. e5 Nd5 4. d4 cxd4 5. cxd4 Nc6 6. Bc4 Nb6 7. Bb3 d6 8. exd6 Qxd6 9. Nf3 Be6 10. 0-0 Bxb3 11. Qxb3 e6 12. Be3 Be7 13. Nc3 0-0 14. Rfd1 Rfd8 15. Rac1 Rac8 16. Ne5 Qb4 17. Nb5 Qxb3 18. axb3 Bf6 19. Nxc6 Rxc6 20. Rxc6 bxc6 21. Nxa7 c5 22. Kf1 cxd4 23. Nc6 Rd6 24. Nb4 e5 25. f3 h6 26. Bf2 Be7 27. Nd3 f6 28. Rc1 Nd5 29. Rc8+ Kf7 30. Nc5 Rb6 31. Be1 Ne3+ 32. Ke2 Bxc5 33. Rxc5 Rxb3 34. f4 Rxb2+ 35. Bd2 Ke6 36. Kd3 Nxg2 37. fxe5 fxe5 38. Bc1 Ne1+ 0-1

[Event "UKR-ch (Women)"]
[Site "Poltava"]
[Date "2010.11.18"]
[Round "6"]
[White "Yushko, Olga"]
[Black "Vasina, Olena"]
[Result "1-0"]
[WhiteElo "2119"]
[BlackElo "2011"]
[PlyCount "113"]
[EventDate "2010.11.13"]
[EventType "swiss"]
[EventRounds "9"]
[EventCountry "UKR"]
[SourceTitle "CBM 139 Extra"]
[Source "ChessBase"]
[SourceDate "2011.01.05"]
[SourceVersion "1"]
[SourceVersionDate "2011.01.05"]
[SourceQuality "1"]

1. d4 Nf6 2. Nf3 d5 3. e3 Bg4 4. c4 e6 5. Nc3 c6 6. Be2 Bd6 7. a3 Nbd7 8. h3 Bh5 9. c5 Bc7 10. b4 a6 11. Bb2 0-0 12. Ne5 Bg6 13. Nxg6 hxg6 14. f4 Nh5 15. h4 Ng3 16. Rh3 Nf5 17. Kd2 Qf6 18. Kc2 Nh6 19. g4 Qe7 20. Bd3 f5 21. g5 Ng4 22. Qg1 Qe8 23. Be2 Qf7 24. Bxg4 fxg4 25. Qxg4 Qf5+ 26. Qxf5 exf5 27. h5 gxh5 28. Rxh5 Kf7 29. Rah1 Rae8 30. Kd3 Rg8 31. Ne2 g6 32. Rh6 Rg7 33. Bc3 b5 34. a4 Ra8 35. Ra1 Rc8 36. Ng1 Ke7 37. Nf3 Bb8 38. axb5 axb5 39. Ra8 Kf7 40. Rh1 Ke7 41. Rh6 Kf7 42. Nd2 Nf8 43. Nf3 Nd7 44. Rh1 Ke7 45. Nd2 Kf7 46. Nb3 Kg8 47. Rha1 Nf8 48. R1a6 Ne6 49. Rb6 Rgc7 50. Raxb8 Rxb8 51. Rxb8+ Kf7 52. Na5 Ke7 53. Nxc6+ Rxc6 54. Rxb5 Rc7 55. Rb8 Nd8 56. b5 Kd7 57. Ba5 1-0

[Event "UKR-ch U20 Girls"]
[Site "Lugansk"]
[Date "2009.04.08"]
[Round "7"]
[White "Vasina, Olena"]
[Black "Shepeleva, Sofia"]
[Result "0-1"]
[WhiteElo "2009"]
[BlackElo "1920"]
[PlyCount "100"]
[EventDate "2009.04.02"]
[EventType "tourn"]
[EventRounds "11"]
[EventCountry "UKR"]
[SourceTitle "CBM 129 Extra"]
[Source "ChessBase"]
[SourceDate "2009.05.05"]
[SourceVersion "2"]
[SourceVersionDate "2009.05.20"]
[SourceQuality "1"]

1. d4 Nf6 2. Nf3 g6 3. e3 Bg7 4. b3 d5 5. Bb2 0-0 6. Bd3 Nbd7 7. Nbd2 b6 8. 0-0 Bb7 9. c4 c5 10. Rc1 Rc8 11. Qe2 cxd4 12. exd4 e6 13. Rfe1 Qe7 14. Ne5 Nxe5 15. dxe5 Nd7 16. Qe3 Qc5 17. Bd4 Qa3 18. h3 Rfd8 19. Bb1 Ba6 20. Rc3 dxc4 21. bxc4 Qe7 22. Ra3 Bh6 23. Qxh6 Qxa3 24. Ne4 Qf8 25. Qh4 Rxc4 26. Rd1 Rdc8 27. Be3 Qd8 28. Nf6+ Qxf6 29. Qxc4 Bxc4 30. exf6 Nxf6 31. a4 Nd5 32. Rc1 Nxe3 33. fxe3 Ba6 34. Rxc8+ Bxc8 35. Kf2 Kf8 36. Ke2 Ke7 37. Kd3 Kd6 38. Bc2 Kc5 39. Kc3 Bb7 40. g3 e5 41. g4 h6 42. h4 g5 43. hxg5 hxg5 44. Bf5 Bc6 45. Kb3 Bd5+ 46. Kc3 Be6 47. Bxe6 fxe6 48. Kd3 Kd5 49. e4+ Kc5 50. Kc3 a6 0-1

[Event "UKR-ch U20 Girls"]
[Site "Lugansk"]
[Date "2009.04.03"]
[Round "2"]
[White "Babiy, Olga"]
[Black "Vasina, Olena"]
[Result "1-0"]
[WhiteElo "2159"]
[BlackElo "2009"]
[PlyCount "171"]
[EventDate "2009.04.02"]
[EventType "tourn"]
[EventRounds "11"]
[EventCountry "UKR"]
[SourceTitle "CBM 129 Extra"]
[Source "ChessBase"]
[SourceDate "2009.05.05"]
[SourceVersion "2"]
[SourceVersionDate "2009.05.20"]
[SourceQuality "1"]

1. e4 c5 2. Nf3 Nc6 3. d4 cxd4 4. Nxd4 e5 5. Nb5 d6 6. c4 Be6 7. Bd3 Nf6 8. 0-0 Be7 9. h3 0-0 10. Be3 Nd7 11. Be2 Nc5 12. N1c3 a6 13. Na3 Bf6 14. Nc2 Qc7 15. b4 Nd7 16. Nd5 Bxd5 17. Qxd5 Ne7 18. Qd3 Rfd8 19. a4 Rac8 20. Rfc1 g6 21. a5 Bg7 22. Rd1 d5 23. exd5 e4 24. Qb3 Nf5 25. Bg5 Re8 26. Rac1 Ne5 27. Ne3 h6 28. d6 Nxd6 29. Nd5 Qd7 30. Nb6 Qe6 31. Nxc8 Rxc8 32. Bf4 Nf5 33. b5 Nd7 34. bxa6 bxa6 35. Qb7 Nc5 36. Qb6 Rc6 37. Rd8+ Kh7 38. Qb8 e3 39. Bxe3 Nxe3 40. Re8 Qd7 41. Rxe3 Qd2 42. Rd1 Qxa5 43. Qe8 Rf6 44. Rd8 Qa1+ 45. Kh2 h5 46. Rf3 Re6 47. Qg8+ Kh6 48. Bd1 Qe5+ 49. g3 Rf6 50. Rd5 Qe7 51. Qd8 Qxd8 52. Rxd8 Rxf3 53. Bxf3 Bc3 54. Rc8 Bd4 55. Kg2 Nd3 56. Bd5 f6 57. Ra8 Nc5 58. f4 Bc3 59. Ra7 f5 60. Bg8 g5 61. Rc7 Bd4 62. Rc6+ Kg7 63. Bd5 gxf4 64. gxf4 h4 65. Be6 a5 66. Bxf5 a4 67. Rd6 Bc3 68. Rd5 Bb4 69. Bb1 a3 70. Rd8 Ne6 71. Rd7+ Kf6 72. Kf3 Bc5 73. Ke4 Bb4 74. Ra7 Bd6 75. f5 Nc5+ 76. Kd5 Bf8 77. Rxa3 Nd7 78. Ra6+ Kg5 79. Rg6+ Kf4 80. f6 Nb6+ 81. Kd4 Nd7 82. Rg4+ Kf3 83. Be4+ Kf2 84. Rg2+ Kf1 85. Rg6 Kf2 86. f7 1-0

[Event "UKR-ch U16 Girls"]
[Site "Odessa"]
[Date "2009.03.28"]
[Round "10"]
[White "Vasina, Olena"]
[Black "Petrova, Irina"]
[Result "1-0"]
[WhiteElo "2010"]
[BlackElo "1985"]
[PlyCount "57"]
[EventDate "2009.03.19"]
[EventType "tourn"]
[EventRounds "11"]
[EventCountry "UKR"]
[SourceTitle "CBM 129 Extra"]
[Source "ChessBase"]
[SourceDate "2009.05.05"]
[SourceVersion "2"]
[SourceVersionDate "2009.05.20"]
[SourceQuality "1"]

1. d4 Nf6 2. Nf3 g6 3. g3 Bg7 4. Bg2 0-0 5. 0-0 c5 6. c4 cxd4 7. Nxd4 Nc6 8. Nc3 d6 9. Nxc6 bxc6 10. Bxc6 Rb8 11. Bg2 Be6 12. Nd5 Qd7 13. Rb1 Rfc8 14. Qd3 Bxd5 15. cxd5 Qa4 16. Be3 Ng4 17. Bh3 Ne5 18. Qa3 Rc4 19. Bxa7 Ra8 20. Qxa4 Rxa4 21. Be3 Rxa2 22. Rfc1 Rb8 23. f4 Bh6 24. Rc3 Bg7 25. fxe5 Bxe5 26. Rc8+ Rxc8 27. Bxc8 Bxb2 28. Kf2 Kg7 29. Rxb2 1-0

[Event "UKR-ch U16 Girls"]
[Site "Odessa"]
[Date "2009.03.27"]
[Round "9"]
[White "Vasina, Olena"]
[Black "Shvayger, Yuliya"]
[Result "1/2-1/2"]
[WhiteElo "2010"]
[BlackElo "2160"]
[PlyCount "155"]
[EventDate "2009.03.19"]
[EventType "tourn"]
[EventRounds "11"]
[EventCountry "UKR"]
[SourceTitle "CBM 129 Extra"]
[Source "ChessBase"]
[SourceDate "2009.05.05"]
[SourceVersion "2"]
[SourceVersionDate "2009.05.20"]
[SourceQuality "1"]

1. d4 d5 2. Nf3 Nf6 3. g3 Bf5 4. Bg2 e6 5. 0-0 c5 6. c3 Be7 7. Bg5 Nbd7 8. Nbd2 0-0 9. Nh4 Bg4 10. Nhf3 h6 11. Bxf6 Bxf6 12. Re1 cxd4 13. cxd4 Qb6 14. Nb3 Rfc8 15. Qd2 Rc4 16. e3 Rac8 17. Rac1 Bf5 18. Rxc4 Rxc4 19. Rc1 Qa6 20. Bf1 Rxc1 21. Nxc1 Qc6 22. Bd3 Be4 23. Be2 Nb6 24. b3 Qc7 25. Nd3 Be7 26. Nfe1 Bd6 27. f3 Bg6 28. Kg2 h5 29. Nf4 Bxf4 30. exf4 Nd7 31. Bd3 Bxd3 32. Nxd3 Nb8 33. Ne5 f6 34. Nd3 b6 35. Nc1 Kf7 36. Ne2 Qc6 37. Qd3 g6 38. h3 b5 39. g4 h4 40. g5 f5 41. Qd2 Nd7 42. Kf1 Qc7 43. Kg2 a5 44. Nc1 b4 45. Nd3 Ke7 46. Kf1 Qb6 47. Qe3 Qc6 48. Qd2 Qb6 49. Qf2 Qb5 50. Ke2 Qc6 51. Ke3 Qc3 52. Qxh4 Nb6 53. Qe1 Qc7 54. Qc1 Qxc1+ 55. Nxc1 Nc8 56. Nd3 Kd6 57. Ne5 Ne7 58. h4 Kc7 59. Kf2 Kd8 60. Kg3 Ke8 61. h5 gxh5 62. Kh4 Kf8 63. Kxh5 Kg7 64. Kh4 Ng6+ 65. Kg3 Ne7 66. Kf2 Ng6 67. Nd3 Kf7 68. Ke3 Ne7 69. Nc5 Nc6 70. Kd3 Ke7 71. g6 Nd8 72. Kc2 Kf6 73. Kb2 Kxg6 74. a3 Kh5 75. axb4 axb4 76. Kc2 Kh4 77. Kd3 Kg3 78. Ke3 1/2-1/2

[Event "UKR-ch U16 Girls"]
[Site "Odessa"]
[Date "2009.03.26"]
[Round "8"]
[White "Rakhmangulova, Anastasiya"]
[Black "Vasina, Olena"]
[Result "1-0"]
[WhiteElo "2085"]
[BlackElo "2010"]
[PlyCount "87"]
[EventDate "2009.03.19"]
[EventType "tourn"]
[EventRounds "11"]
[EventCountry "UKR"]
[SourceTitle "CBM 129 Extra"]
[Source "ChessBase"]
[SourceDate "2009.05.05"]
[SourceVersion "2"]
[SourceVersionDate "2009.05.20"]
[SourceQuality "1"]

1. e4 c5 2. Nf3 e6 3. d3 d6 4. g3 Nf6 5. Bg2 Be7 6. 0-0 0-0 7. Nbd2 Nc6 8. c3 e5 9. Nc4 Re8 10. Ne3 Bf8 11. Nd5 Nxd5 12. exd5 Ne7 13. Ne1 Ng6 14. d4 cxd4 15. cxd4 e4 16. f3 f5 17. fxe4 fxe4 18. Nc2 b6 19. Nb4 Bd7 20. Qb3 Kh8 21. Be3 Bg4 22. Rf7 Rc8 23. Rxa7 Rc7 24. Nc6 Qc8 25. Qxb6 Rxa7 26. Nxa7 Qf5 27. Qc6 Rb8 28. Rf1 Bf3 29. Rf2 Qg4 30. Qc7 Re8 31. Qc2 Ra8 32. Nc6 Rxa2 33. Qb1 Ra8 34. b4 Ra3 35. b5 Rxe3 36. b6 Bxg2 37. b7 Rd3 38. b8Q Bf3 39. Ne7 Nxe7 40. Qxf8+ Ng8 41. Qbb8 Rd1+ 42. Rf1 Rxf1+ 43. Kxf1 Bg2+ 44. Ke1 1-0